000 00354 a2200157 4500
001 152689
040 _cEscola São Tomás de Aquino
100 _aLISPECTOR, Clarice
240 1 0 _aContos Brasileiros 2
_lpor
245 1 0 _aContos Brasileiros 2
300 _a103
362 0 _a2006
440 1 _aÁtica
697 _a*LITERATURA JUVENIL
942 _cBK
999 _c152689
_d152689